000 00303nam a22001337a 4500
008 180302b xxu||||| |||| 00| 0 eng d
020 _a9781565335196
041 _aeng
080 _a610.73
100 _a1
101 _aINF
245 _aPN adult medical surgical nursing
_cKnippa,A
942 _2udc
_cBK
999 _c43980
_d43980